000
00303nam a2200121Ia 4500
008
191201s2015 xx 000 0 und d
100
_a
BIRDIE, G.S.
245
0
_a
Water Supply & Sanitary Engineering
260
_a
N. Delhi
_b
Dhanpat Rai
_c
2015
300
_a
1038
650
_a
B.Tech(CE)
942
_2
ddc
_c
BK
999
_c
6512
_d
6512